00257nam a2200109Ia 4500100002200000654001300022245004900035260003000084082001300114300000800127546001200135 aMc Cune/ William  aComputer aLectures Notes in Artificial Intel (1249) bSpringeraNew Delhic1997 a6.3bMCC a462 aENGLISH